Obra selecta

Guardat en:
Dades bibliogràfiques
Autor principal: Gómez de Avellaneda, Gertrudis
Altres autors: Saínza, Enrique (Editor)
Format: Desconegut
Idioma:anglès
Publicat: Madrid, España Verbum 2014
Matèries:
Etiquetes: Afegir etiqueta
Sense etiquetes, Sigues el primer a etiquetar aquest registre!

MARC

LEADER 00000 a2200000 4500
003 CL-VaPUC
005 20210730120659.0
008 210616b ||||| |||| 00| 0 eng d
999 |c 433139  |d 433137 
020 |a 978-84-9074-010-1 
040 |c Pontificia Universidad Católica de Valparaíso 
082 |a Cu860 GOM 2014 
100 |a Gómez de Avellaneda, Gertrudis  |9 861443 
245 |a Obra selecta 
260 |a Madrid, España  |b Verbum  |c 2014 
300 |a 314 páginas  
583 |k Cristina Rojas  |c 20210617 
650 0 |a Literatura cubana  |9 315048 
650 0 |a Poesías cubanas  |9 316897 
700 |a  Saínza, Enrique   |e editor  |9 861610 
942 |2 ddc  |c BK 
952 |0 0  |1 0  |2 ddc  |4 0  |6 CU_860_000000000000000_GOM_2014  |7 0  |8 A  |9 578192  |a BIBEDU  |b BIBEDU  |c ES_NOD  |d 2021-06-16  |e 3  |g 0.00  |i 5584809  |l 2  |m 3  |o Cu860 GOM 2014  |p 5584809  |r 2023-08-09  |s 2023-06-05  |t 1  |v 0.00  |w 2021-06-16  |y BK  |k LIT